Advances in thin film coatings for optical applications : 4-5 August 2004, Denver, Colorado, USA /

Bibliographic Details
Corporate Author: Society of Photo-optical Instrumentation Engineers
Other Authors: Kruschwitz, Jennifer D. T., Oliver, James B.
Format: Book
Language:English
Published: Bellingham, Washington : SPIE, [2004]
Series:Proceedings of SPIE--the International Society for Optical Engineering ; v. 5527.
Subjects:
Online Access:https://www.spiedigitallibrary.org/conference-proceedings-of-SPIE/5527.toc

MARC

Tag First Indicator Second Indicator Subfields
LEADER 00000cam a2200000Ia 4500
001 in00002010013
005 20230721183854.8
008 041020s2004 waua b 101 0 eng d
020 |a 0819454656 
035 |a (OCoLC)ocm56777526 
040 |a LHL  |c LHL  |d TXA  |d UtOrBLW 
049 |a TXAM 
090 |a TS517.2  |b .A39 2004 
245 0 0 |a Advances in thin film coatings for optical applications :  |b 4-5 August 2004, Denver, Colorado, USA /  |c Jennifer D.T. Kruschwitz, James B. Oliver, chairs/editors ; sponsored and published by SPIE--the International Society for Optical Engineering. 
246 3 0 |a Thin film coatings for optical applications 
264 1 |a Bellingham, Washington :  |b SPIE,  |c [2004] 
264 4 |c ©2004 
300 |a vii, 160 pages :  |b illustrations ;  |c 28 cm. 
336 |a text  |b txt  |2 rdacontent 
337 |a unmediated  |b n  |2 rdamedia 
338 |a volume  |b nc  |2 rdacarrier 
490 1 |a Proceedings / SPIE--the International Society for Optical Engineering ;  |v v. 5527 
504 |a Includes bibliographical references and index. 
650 0 |a Optical coatings  |v Congresses. 
650 0 |a Thin films  |v Congresses. 
650 0 |a Optical films  |v Congresses. 
650 0 |a Optics  |v Congresses. 
700 1 |a Kruschwitz, Jennifer D. T. 
700 1 |a Oliver, James B. 
710 2 |a Society of Photo-optical Instrumentation Engineers. 
830 0 |a Proceedings of SPIE--the International Society for Optical Engineering ;  |v v. 5527. 
856 4 1 |u https://www.spiedigitallibrary.org/conference-proceedings-of-SPIE/5527.toc  |t 0 
948 |a cataloged  |b h  |c 2004/10/26  |d c  |e dmitchel  |f 12:30:20 pm 
994 |a E0  |b TXA 
999 |a MARS 
999 f f |s 8c0efd66-2b69-3148-a6ba-c693c22cf6aa  |i 3c8c739e-7891-3130-a578-dbcd59e70008  |t 0 
952 f f |p ric  |a Texas A&M University  |b Rellis Campus  |c Joint Library Facility  |d Remote Storage  |t 0  |e TS517.2 .A39 2004  |h Library of Congress classification  |i unmediated -- volume  |m A14831582854 
998 f f |a TS517.2 .A39 2004  |t 0  |l Remote Storage